Colour Baby Names - Statistics

General Stats
  • This quiz has been taken 147 times
  • The average score is 15 of 56
Answer Stats
Answer % Correct
Blue
86%
Blue
86%
Rose
71%
Violet
70%
Red
68%
Gray
65%
Grey
65%
Ruby
62%
Emerald
53%
Indigo
51%
Lilac
49%
Scarlet
49%
Amber
47%
Olive
43%
Jade
42%
Lavender
36%
Silver
35%
Magenta
34%
Teal
34%
Mauve
30%
Sienna
30%
Aqua
27%
Ebony
27%
Hazel
27%
Navy
26%
Ivory
25%
Cyan
23%
Goldie
23%
Tanner
22%
Azure
19%
Cherry
19%
Coral
18%
Copper
16%
Blanc
14%
Rusty
13%
Ash
12%
Blanche
12%
Garnet
12%
Marigold
12%
Clementine
9%
Fuchsia
9%
Jet
9%
Coal
8%
Saffron
8%
Noir
5%
Hunter
4%
Slate
4%
Sterling
4%
Bruno
3%
Raven
3%
Tawny
3%
Aubrun
0%
Bluejay
0%
Claret
0%
Flint
0%
Roux
0%
No matching quizzes found
Score Distribution
Percent of People with Each Score
Percentile by Number Answered
Your Score History
You have not taken this quiz